000
00304 a2200145 4500
001
168663
020
_a
040
_c
Magnum
100
_a
Castro, F. M. de Oliveira
240
1
0
_a
A matematica no brasil
_l
por
245
1
0
_a
A matematica no brasil
362
0
_a
1899
697
_a
GERAL
942
_c
BK
999
_c
168663
_d
168663